| 000 | 00563cam a22001691 4500 | ||
|---|---|---|---|
| 082 |
_a624.1713 _bKIN _cL-20, P-24 |
||
| 100 | 1 |
_aKinney, Joseph Sterling. _942855 |
|
| 245 | 1 | 0 | _aIndeterminate structural analysis. |
| 250 | _aAbridged ed. | ||
| 260 |
_aReading, Mass., _bAddison-Wesley Pub. Co. _c[c1957] |
||
| 300 |
_axiv, 442 p. _billus. _c24 cm. |
||
| 526 |
_a0 _b0 _c0 _d624_171300000000000_KIN |
||
| 526 |
_a0 _b0 _c0 _d624_171300000000000_KIN |
||
| 526 |
_a0 _b0 _c0 _d624_171300000000000_KIN |
||
| 650 | 0 |
_aStructural analysis (Engineering) _9654 |
|
| 942 |
_2ddc _cBK |
||
| 999 |
_c546671 _d546671 |
||